Guess the Fusion Rock Song Lyrics #143 - Statistics

General Stats
  • This quiz has been taken 17 times
  • The average score is 158 of 240
Answer Stats
Answer % Correct
a
100%
I
100%
the
100%
It
93%
it
93%
me
93%
So
93%
so
93%
we
93%
We
93%
you
93%
And
87%
for
87%
love
87%
to
87%
was
87%
your
87%
But
80%
my
80%
that
80%
do
73%
had
73%
in
73%
In
73%
just
73%
no
73%
Then
73%
There
73%
there
73%
from
67%
It's
67%
one
67%
Were
67%
all
60%
at
60%
Can't
60%
couldn't
60%
ever
60%
eyes
60%
feeling
60%
never
60%
night
60%
not
60%
Not
60%
oh
60%
Only
60%
only
60%
Or
60%
right
60%
saw
60%
see
60%
something
60%
would
60%
you're
60%
head
53%
light
53%
our
53%
said
53%
wasn't
53%
Cause
47%
girl
47%
say
47%
thing
47%
Though
47%
up
47%
wouldn't
47%
knew
40%
out
40%
wrong
40%
About
33%
along
33%
another
33%
different
33%
feelings
33%
fling
33%
last
33%
late
33%
little
33%
none
33%
sight
33%
soul
33%
strong
33%
suspect
33%
Suspect
33%
Todd Rundgren
33%
tried
33%
walked
33%
answer
27%
anymore
27%
before
27%
bell
27%
best
27%
gazed
27%
plain
27%
run
27%
Til
27%
began
20%
Began
20%
help
20%
hit
20%
jest
20%
ran
20%
rest
20%
ring
20%
No matching quizzes found
Score Distribution
Percent of People with Each Score
Percentile by Number Answered
Your Score History
You have not taken this quiz